Questions aléatoires de géographie - 18 - Statistiques

Statistiques générales
  • Ce quiz a été pris 110 fois
  • Le résultat moyen est 5 sur 15
Statistiques - réponses
Indice Réponse % Correct
Quelle est la capitale de l'Australie ? Canberra
99%
Quel aéroport parisien doit son nom au Général ? l aéroport Paris Charles de Gaulle
78%
Quel quartier d'Amsterdam est connu pour ses prostitués et sa vente libre de cannabis ? De Wallen | le quartier rouge
63%
Quelle la plus grande ville d'Hawaii ? Honolulu
61%
Quelle rivière canadienne relie les grands lacs à l'océan Atlantique ? le Saint-Laurent
49%
Quelle région naturelle française du sud de la France est connu pour son plateau, ses élevages de chèvres et sa lutte contre son camp militaire ? le Larzac
37%
Quelle ville des indes néerlandaises s'appelait autrefois Batavia ? Jakarta
33%
Quelle ville anglaise tient son nom de ses termes romaines ? Bath
20%
Quelle mer longe la côte norvégienne ? la mer de Norvège
20%
Quel est le nom de l'ensemble géologique constitué d'une série de failles et de volcans, situé en Afrique de l'Est, comprenant notamment le Kilimandjaro et la dépression de l'Afar ? La vallée du Grand Rift
19%
Quelle république russe fédérée est célèbre pour ses lutteurs, ses combattants de MMA et ses insurrections indépendantistes islamistes ? le Daghestan
10%
Quel archipel du nord du Royaume-Uni comprend la ville de Kirwkwall ? les Orcades
8%
Quel estuaire des fleuves Parana et Uruguay, berceau du tango, abrite les villes de Buenos Aires et Montevideo ? le Rio de la Plata
7%
Quel est le nom du cap du sud de la péninsule indienne ? le Cap Comorin
1%
Quel volcan des Philippine, est posé sur une île dans un lac situé sur l'île de Luçon ? le Taal
1%
Aucun quiz correspondant
Distribution des résultats
% des personnes avec chaque résultat
Percentile par nombre de réponses
Votre historique - résultats
Vous n’avez pas pris ce quiz